000 00524nam a2200181Ia 4500
001 18875
005 20260306171703.0
008 260306s9999||||xx |||||||||||||| ||und||
041 _aESP
082 _a658.51
_bV935 2013
100 _aVelasco Sánchez, Juan
_eAUT
245 0 _aOrganización de la producción:
_bdistribución en planta y mejora de los métodos y los tiempos. Teoría y práctica
260 _c2013
300 _a542 páginas :
_c24 cm.
650 _aGEN
654 _aCAN
942 _cLIB
_dJUS
_fJUS
_2ddc
_n
999 _c18875
_d18875